000 00222nam a22000857a 4500
999 _c11049
_d11049
008 180808b ||||| |||| 00| 0 eng d
100 _aHelfand Lewis
_96780
245 _aConquering Everest
260 _aNew Delhi
_bCampfire
_c2016